[Event "European Club Cup 2006"]
[Site "Fuegen AUT"]
[Date "2006.10.08"]
[Round "1.112"]
[White "Zagorskis, Darius"]
[Black "Mehmeti, Dritan"]
[Result "1-0"]
[WhiteElo "2468"]
[BlackElo "2396"]
[PlyCount "103"]
[EventDate "2006.10.08"]
[EventType "team"]
[EventRounds "7"]
[EventCountry "AUT"]
[Source "lmi"]
[SourceDate "2006.10.08"]

1. d4 Nf6 2. Nf3 c5 3. c4 cxd4 4. Nxd4 e5 5. Nb5 d5 6. cxd5 Bc5 7. e3 O-O 8.
N5c3 e4 9. Nd2 Bf5 10. a3 Nbd7 11. Nc4 a6 12. b4 Ba7 13. Bb2 Nb6 14. Nxb6 Qxb6
15. Be2 Rfe8 16. O-O Rad8 17. Na4 Qd6 18. Bxf6 Bb8 19. g3 Qxf6 20. Qd2 Re5 21.
Nc3 h5 22. Bxh5 Bh3 23. Be2 Bxf1 24. Bxf1 Rh5 25. Rd1 Qh6 26. Nxe4 Rxh2 27. Bg2
Rh5 28. Nc5 Qb6 29. Bf3 Rf5 30. Kg2 a5 31. e4 Rf6 32. Nd3 axb4 33. Qxb4 Qxb4
34. axb4 Rb6 35. Rc1 f6 36. Bg4 g6 37. Be6+ Kg7 38. Rc3 Be5 39. Nxe5 fxe5 40.
Rc4 Kf6 41. f4 g5 42. Kf3 gxf4 43. gxf4 Re8 44. Rc7 Rf8 45. f5 Rxb4 46. d6 Rd4
47. d7 Ra8 48. Bd5 Ke7 49. f6+ Kd6 50. Rc8 Ra3+ 51. Kg4 Kxd7 52. f7 1-0

[Event "European Club Cup 2006"]
[Site "Fuegen AUT"]
[Date "2006.10.08"]
[Round "1.115"]
[White "McDonnell, James J"]
[Black "Borriss, Martin"]
[Result "0-1"]
[WhiteElo "2033"]
[BlackElo "2455"]
[PlyCount "81"]
[EventDate "2006.10.08"]
[EventType "team"]
[EventRounds "7"]
[EventCountry "AUT"]
[Source "lmi"]
[SourceDate "2006.10.08"]

1. d4 Nf6 2. Nf3 e6 3. g3 c5 4. Bg2 Nc6 5. O-O Be7 6. c4 d5 7. Nc3 O-O 8. cxd5
exd5 9. dxc5 Bxc5 10. Bg5 Be6 11. Rc1 Be7 12. Nd4 h6 13. Be3 Nxd4 14. Bxd4 Qd7
15. Bxf6 Bxf6 16. Nxd5 Bxd5 17. Bxd5 Rac8 18. Qb3 Rxc1 19. Rxc1 b6 20. e4 g6
21. Rc6 Kg7 22. Qc4 Be5 23. f4 Bb8 24. Kg2 Qg4 25. h3 Qd1 26. Qc2 Qxc2+ 27.
Rxc2 h5 28. Kf3 Rd8 29. Rc6 Bd6 30. b4 Kf8 31. Bc4 Kg7 32. e5 Bb8 33. Ke4 Re8
34. g4 g5 35. Rf6 Re7 36. gxh5 gxf4 37. h6+ Kh8 38. e6 fxe6 39. Rf8+ Kh7 40.
Rxb8 Kxh6 41. Kxf4 0-1

[Event "European Club Cup 2006"]
[Site "Fuegen AUT"]
[Date "2006.10.08"]
[Round "1.116"]
[White "Goban, Marek"]
[Black "Bezold, Michael"]
[Result "0-1"]
[WhiteElo "2148"]
[BlackElo "2535"]
[PlyCount "64"]
[EventDate "2006.10.08"]
[EventType "team"]
[EventRounds "7"]
[EventCountry "AUT"]
[Source "lmi"]
[SourceDate "2006.10.08"]

1. c4 g6 2. Nc3 Bg7 3. g3 c5 4. Bg2 Nc6 5. d3 d6 6. e3 Bxc3+ 7. bxc3 f5 8. Ne2
Nf6 9. Nf4 Bd7 10. Nd5 e6 11. Nxf6+ Qxf6 12. Bd2 O-O 13. O-O Rae8 14. Rb1 b6
15. f4 e5 16. Bd5+ Kg7 17. Qa4 Rc8 18. Bxc6 Bxc6 19. Qxa7+ Rf7 20. Qxb6 Qe6 21.
Qb3 exf4 22. Rxf4 Ra8 23. Rf2 h5 24. Bc1 h4 25. Qc2 hxg3 26. hxg3 Rh8 27. Rh2
Rff8 28. Kf1 Rxh2 29. Qxh2 Rh8 30. Qf2 f4 31. e4 Rh1+ 32. Ke2 Qg4+ 0-1

[Event "European Club Cup 2006"]
[Site "Fuegen AUT"]
[Date "2006.10.09"]
[Round "2.1"]
[White "Akopian, Vladimir"]
[Black "Gabriel, Christian"]
[Result "1-0"]
[WhiteElo "2713"]
[BlackElo "2540"]
[PlyCount "93"]
[EventDate "2006.10.08"]
[EventType "team"]
[EventRounds "7"]
[EventCountry "AUT"]
[Source "lmi"]
[SourceDate "2006.10.08"]

1. e4 e5 2. Nf3 Nc6 3. Bb5 a6 4. Ba4 Nf6 5. O-O Be7 6. Re1 b5 7. Bb3 d6 8. c3
O-O 9. h3 Nb8 10. d4 Nbd7 11. Nbd2 Bb7 12. Bc2 Re8 13. b3 Bf8 14. d5 c6 15. c4
Qc7 16. Nf1 Rac8 17. Ne3 g6 18. Bd2 Bg7 19. Rc1 Nc5 20. dxc6 Bxc6 21. Nd5 Qb8
22. Bg5 Nxd5 23. cxd5 Bd7 24. Qd2 Rc7 25. Nh2 Rec8 26. Ng4 Bxg4 27. hxg4 Nd7
28. Be3 Bf6 29. Bd3 Nc5 30. Bb1 Bd8 31. g3 Nd7 32. Kg2 Rxc1 33. Rxc1 Bb6 34.
Bxb6 Nxb6 35. Rc6 Rxc6 36. dxc6 Qc7 37. Qc3 Nc8 38. a4 Na7 39. Bd3 Kf8 40. axb5
axb5 41. g5 Ke7 42. f4 f6 43. gxf6+ Kxf6 44. fxe5+ dxe5 45. Qc5 Qe7 46. Qd5 b4
47. Ba6 1-0

[Event "European Club Cup 2006"]
[Site "Fuegen AUT"]
[Date "2006.10.09"]
[Round "2.5"]
[White "Sakaev, Konstantin"]
[Black "Gruenenwald, Joerg"]
[Result "1/2-1/2"]
[WhiteElo "2641"]
[BlackElo "2354"]
[PlyCount "34"]
[EventDate "2006.10.08"]
[EventType "team"]
[EventRounds "7"]
[EventCountry "AUT"]
[Source "lmi"]
[SourceDate "2006.10.08"]

1. d4 d5 2. Nf3 Nf6 3. c4 c6 4. e3 a6 5. Nc3 b5 6. c5 Bg4 7. h3 Bxf3 8. Qxf3 g6
9. g4 e5 10. Qg3 Nbd7 11. Bg2 Qe7 12. O-O Bg7 13. f3 O-O 14. Bd2 Ne8 15. Ne2
exd4 16. Nxd4 Ne5 17. b3 Rc8 1/2-1/2

[Event "European Club Cup 2006"]
[Site "Fuegen AUT"]
[Date "2006.10.09"]
[Round "2.8"]
[White "Bareev, Evgeny"]
[Black "Goloshchapov, Alexander"]
[Result "1-0"]
[WhiteElo "2683"]
[BlackElo "2552"]
[PlyCount "41"]
[EventDate "2006.10.08"]
[EventType "team"]
[EventRounds "7"]
[EventCountry "AUT"]
[Source "lmi"]
[SourceDate "2006.10.08"]

1. d4 Nf6 2. c4 e6 3. Nc3 Bb4 4. Qc2 O-O 5. a3 Bxc3+ 6. Qxc3 b5 7. cxb5 c6 8.
e3 cxb5 9. Bxb5 Ne4 10. Qb3 Ba6 11. Qa4 Qg5 12. Bf1 Bxf1 13. Kxf1 Nc6 14. f3 f5
15. Nh3 Qh4 16. Qd1 Na5 17. fxe4 fxe4+ 18. Kg1 Nb3 19. Rb1 Rf3 20. Bd2 Nxd2 21.
Qxd2 1-0

[Event "European Club Cup 2006"]
[Site "Fuegen AUT"]
[Date "2006.10.09"]
[Round "2.10"]
[White "Korotylev, Alexey"]
[Black "Gulbas, Cemil"]
[Result "1-0"]
[WhiteElo "2613"]
[BlackElo "2379"]
[PlyCount "53"]
[EventDate "2006.10.08"]
[EventType "team"]
[EventRounds "7"]
[EventCountry "AUT"]
[Source "lmi"]
[SourceDate "2006.10.08"]

1. d4 d5 2. c4 c6 3. Nc3 Nf6 4. e3 a6 5. Nf3 b5 6. c5 Bg4 7. Qb3 Nbd7 8. a4 b4
9. Qxb4 Rb8 10. Qa3 a5 11. Be2 e5 12. O-O Bxf3 13. Bxf3 g6 14. Re1 Bg7 15. e4
O-O 16. exd5 exd4 17. dxc6 dxc3 18. cxd7 Nxd7 19. bxc3 Qc7 20. Be3 Rfc8 21.
Rad1 h5 22. Bd4 Bf8 23. Qc1 Bxc5 24. Qg5 Bxd4 25. cxd4 Nf8 26. Re7 Qc2 27. Qf6
1-0

[Event "European Club Cup 2006"]
[Site "Fuegen AUT"]
[Date "2006.10.09"]
[Round "2.11"]
[White "Hautot, Stephane"]
[Black "Amonatov, Farrukh"]
[Result "1/2-1/2"]
[WhiteElo "2368"]
[BlackElo "2567"]
[PlyCount "87"]
[EventDate "2006.10.08"]
[EventType "team"]
[EventRounds "7"]
[EventCountry "AUT"]
[Source "lmi"]
[SourceDate "2006.10.08"]

1. e4 e5 2. d4 exd4 3. Nf3 Bc5 4. Bc4 Nf6 5. O-O d6 6. Nxd4 O-O 7. Nc3 Nc6 8.
Nxc6 bxc6 9. Bg5 h6 10. Bh4 Qe7 11. Re1 Qe5 12. Qf3 Ng4 13. Bg3 Qe7 14. e5 Nxe5
15. Bxe5 dxe5 16. Qxc6 Bf5 17. Nd5 Qd6 18. Qxc7 Rac8 19. Qxd6 Bxd6 20. Bd3 Bxd3
21. cxd3 Rfd8 22. Rac1 Rxc1 23. Rxc1 Bf8 24. Ne3 Rxd3 25. Rc8 g6 26. Kf1 Kg7
27. Nc4 Rd1+ 28. Ke2 Rc1 29. Kd2 Rh1 30. h3 Rg1 31. Ne3 Rb1 32. Nd1 Ra1 33. a3
e4 34. Rc4 f5 35. Rc7+ Kf6 36. Rxa7 Bd6 37. Ra6 Ke7 38. g3 h5 39. h4 Kd7 40.
Kc2 Ke7 41. Ra7+ Ke6 42. Ra6 Ke7 43. Ra7+ Ke6 44. Ra6 1/2-1/2

[Event "European Club Cup 2006"]
[Site "Fuegen AUT"]
[Date "2006.10.09"]
[Round "2.16"]
[White "Nepomniachtchi, Ian"]
[Black "Couso, Luis"]
[Result "1-0"]
[WhiteElo "2545"]
[BlackElo "2294"]
[PlyCount "93"]
[EventDate "2006.10.08"]
[EventType "team"]
[EventRounds "7"]
[EventCountry "AUT"]
[Source "lmi"]
[SourceDate "2006.10.08"]

1. e4 e6 2. Nf3 d5 3. Nc3 dxe4 4. Nxe4 Bd7 5. Ne5 Nc6 6. Nxd7 Qxd7 7. g3 Be7 8.
Bg2 Nf6 9. O-O O-O 10. Re1 e5 11. Nxf6+ Bxf6 12. d3 Rfe8 13. Rb1 Rad8 14. b4 a6
15. a4 b5 16. axb5 axb5 17. Be3 Nd4 18. c3 Ne6 19. Qb3 c6 20. Ra1 Ra8 21. h4 g6
22. Ra5 Rxa5 23. bxa5 Ra8 24. Ra1 Ra6 25. Bh3 Bd8 26. Bh6 Qd6 27. d4 Rxa5 28.
Rxa5 Bxa5 29. dxe5 Qxe5 30. Bxe6 fxe6 31. Qa2 b4 32. cxb4 Bxb4 33. Qa8+ Kf7 34.
Qxc6 Qd6 35. Qb7+ Qe7 36. Qf3+ Qf6 37. Qb7+ Qe7 38. Qc8 Qe8 39. Qc7+ Qe7 40.
Qf4+ Ke8 41. Qb8+ Kf7 42. Qh8 Qf6 43. Qxh7+ Ke8 44. Qg8+ Kd7 45. Bg5 Qf5 46.
Qd8+ Kc6 47. Qe8+ 1-0

[Event "European Club Cup 2006"]
[Site "Fuegen AUT"]
[Date "2006.10.09"]
[Round "2.19"]
[White "Najer, Evgeniy"]
[Black "Hort, Vlastimil"]
[Result "1-0"]
[WhiteElo "2648"]
[BlackElo "2501"]
[PlyCount "61"]
[EventDate "2006.10.08"]
[EventType "team"]
[EventRounds "7"]
[EventCountry "AUT"]
[Source "lmi"]
[SourceDate "2006.10.08"]

1. e4 e6 2. d4 d5 3. Nc3 Bb4 4. e5 b6 5. a3 Bf8 6. Nf3 Ne7 7. b4 c6 8. a4 Nf5
9. Rb1 Nd7 10. Bd3 a5 11. bxa5 Rxa5 12. Qe2 g6 13. h4 h6 14. h5 g5 15. g4 Ne7
16. Ba3 Bb7 17. O-O Nc8 18. Bxf8 Rxf8 19. Nd2 c5 20. Nb3 Ra8 21. Nxc5 bxc5 22.
Rxb7 c4 23. Bxc4 dxc4 24. Qxc4 Ncb6 25. Qb5 f5 26. a5 Qc8 27. Rxb6 Qxc3 28.
Rxe6+ Kd8 29. Rd6 Qc7 30. Qd5 Ra7 31. e6 1-0

[Event "European Club Cup 2006"]
[Site "Fuegen AUT"]
[Date "2006.10.09"]
[Round "2.20"]
[White "Volke, Karsten"]
[Black "Volkov, Sergey"]
[Result "1/2-1/2"]
[WhiteElo "2478"]
[BlackElo "2628"]
[PlyCount "48"]
[EventDate "2006.10.08"]
[EventType "team"]
[EventRounds "7"]
[EventCountry "AUT"]
[Source "lmi"]
[SourceDate "2006.10.08"]

1. d4 d5 2. c4 c6 3. Nf3 Nf6 4. Nc3 a6 5. c5 Nbd7 6. Bf4 Nh5 7. Bd2 f5 8. h3 e6
9. Qc2 g6 10. g4 Nhf6 11. Bf4 Ne4 12. e3 Bg7 13. Be2 O-O 14. gxf5 exf5 15. h4
Bf6 16. Rh2 Qa5 17. a3 Re8 18. O-O-O Ndxc5 19. dxc5 Nxc3 20. bxc3 Bxc3 21. Rd3
Qxa3+ 22. Kd1 Qa1+ 23. Qc1 Qa4+ 24. Qc2 Qa1+ 1/2-1/2

[Event "European Club Cup 2006"]
[Site "Fuegen AUT"]
[Date "2006.10.09"]
[Round "2.22"]
[White "Kuehn, Peter"]
[Black "Popov, Valerij"]
[Result "1/2-1/2"]
[WhiteElo "2384"]
[BlackElo "2591"]
[PlyCount "43"]
[EventDate "2006.10.08"]
[EventType "team"]
[EventRounds "7"]
[EventCountry "AUT"]
[Source "lmi"]
[SourceDate "2006.10.08"]

1. d4 Nf6 2. Nf3 d5 3. c3 e6 4. Bf4 c5 5. e3 Nc6 6. Nbd2 Nh5 7. Bg5 Qb6 8. Qb3
h6 9. Bh4 g5 10. Bg3 Nxg3 11. hxg3 Bg7 12. Be2 Bd7 13. g4 c4 14. Qc2 f5 15.
gxf5 exf5 16. b3 cxb3 17. Nxb3 Qc7 18. Nc5 Bc8 19. Qb3 b6 20. Na6 Bxa6 21. Bxa6
Rd8 22. c4 1/2-1/2

[Event "European Club Cup 2006"]
[Site "Fuegen AUT"]
[Date "2006.10.09"]
[Round "2.23"]
[White "Schlosser, Philipp"]
[Black "Eljanov, Pavel"]
[Result "1/2-1/2"]
[WhiteElo "2554"]
[BlackElo "2658"]
[PlyCount "44"]
[EventDate "2006.10.08"]
[EventType "team"]
[EventRounds "7"]
[EventCountry "AUT"]
[Source "lmi"]
[SourceDate "2006.10.08"]

1. Nf3 c5 2. c4 Nc6 3. d4 cxd4 4. Nxd4 e6 5. g3 Bb4+ 6. Bd2 Be7 7. Bc3 Nf6 8.
Bg2 O-O 9. O-O d5 10. cxd5 Nxd5 11. Nxc6 bxc6 12. Bd4 Ba6 13. Nc3 Qa5 14. Qc2
Rfd8 15. Rfd1 Rd7 16. a3 Rc8 17. b4 Qd8 18. Nxd5 cxd5 19. Qb2 Bf6 20. b5 Bb7
21. a4 Rdc7 22. a5 Rc2 1/2-1/2

[Event "European Club Cup 2006"]
[Site "Fuegen AUT"]
[Date "2006.10.09"]
[Round "2.25"]
[White "Lehner, Oliver"]
[Black "Sutovsky, Emil"]
[Result "0-1"]
[WhiteElo "2421"]
[BlackElo "2607"]
[PlyCount "112"]
[EventDate "2006.10.08"]
[EventType "team"]
[EventRounds "7"]
[EventCountry "AUT"]
[Source "lmi"]
[SourceDate "2006.10.08"]

1. Nf3 Nf6 2. c4 g6 3. Nc3 Bg7 4. g3 d6 5. d4 O-O 6. Bg2 Nc6 7. O-O Bf5 8. Bf4
Ne4 9. Nd5 Bd7 10. Rc1 f5 11. Be3 e6 12. Nc3 Nxc3 13. Rxc3 Qe7 14. c5 Nb4 15.
cxd6 cxd6 16. Rc7 Nd5 17. Bg5 Qe8 18. Rxb7 Bc6 19. Rxg7+ Kxg7 20. Qc1 f4 21.
Bxf4 Nxf4 22. gxf4 Rc8 23. Qe3 Bxf3 24. Bxf3 Qf7 25. d5 Qxf4 26. Qxa7+ Rf7 27.
Qb6 Rc1 28. Rxc1 Qxc1+ 29. Kg2 Qg5+ 30. Kf1 Qc1+ 31. Kg2 e5 32. Qxd6 Qg5+ 33.
Kf1 Qc1+ 34. Kg2 Qg5+ 35. Kf1 Qf4 36. h3 Qc1+ 37. Kg2 Qg5+ 38. Kf1 Qf5 39. Qe6
Rc7 40. a4 Qxe6 41. dxe6 Kf6 42. Bd5 Rc1+ 43. Kg2 Rc2 44. b3 Rxe2 45. Bc4 Ra2
46. Kf3 g5 47. Ke3 h5 48. Bd5 Ra1 49. Kf3 Rd1 50. Bc4 Rg1 51. a5 g4+ 52. hxg4
h4 53. Bd5 h3 54. g5+ Rxg5 55. Be4 h2 56. Ke2 Rg4 0-1

[Event "European Club Cup 2006"]
[Site "Fuegen AUT"]
[Date "2006.10.09"]
[Round "2.26"]
[White "Khenkin, Igor"]
[Black "Schwarz, Michael"]
[Result "1-0"]
[WhiteElo "2620"]
[BlackElo "2399"]
[PlyCount "108"]
[EventDate "2006.10.08"]
[EventType "team"]
[EventRounds "7"]
[EventCountry "AUT"]
[Source "lmi"]
[SourceDate "2006.10.08"]

1. d4 Nf6 2. c4 c6 3. Nf3 g6 4. Nc3 Bg7 5. e4 d6 6. Be2 Bg4 7. Be3 O-O 8. Nd2
Bxe2 9. Qxe2 e5 10. d5 Nbd7 11. O-O c5 12. g4 Ne8 13. Kh1 Bf6 14. Nf3 Ng7 15.
Bh6 Be7 16. Rg1 f6 17. Rg3 Rf7 18. Rag1 Ne8 19. Nh4 Bf8 20. Bc1 Ng7 21. Rh3 Qe7
22. Nd1 g5 23. Nf5 Nxf5 24. gxf5 h6 25. Ne3 Rh7 26. Rh5 Bg7 27. Rg3 Kf7 28. h4
Rah8 29. Rh3 Nf8 30. Bd2 Kg8 31. Kg2 Qe8 32. b3 b6 33. Qd1 a5 34. Qe2 Nd7 35.
Nd1 Bf8 36. Kf1 Be7 37. Nc3 Nf8 38. Nb5 Qd7 39. Qf3 Kg7 40. Ke2 Kg8 41. Kd3 Kg7
42. Kc2 Kg8 43. a3 Kg7 44. Qe2 Qb7 45. hxg5 fxg5 46. Rg3 Nd7 47. f4 exf4 48.
Bxf4 Qb8 49. Rg1 Kf7 50. Bg3 Re8 51. Qh2 Nf6 52. Nxd6+ Bxd6 53. Bxd6 Qd8 54. e5
Rhh8 1-0

[Event "European Club Cup 2006"]
[Site "Fuegen AUT"]
[Date "2006.10.09"]
[Round "2.27"]
[White "Deglmann, Ludwig"]
[Black "Moiseenko, Alexander"]
[Result "0-1"]
[WhiteElo "2334"]
[BlackElo "2632"]
[PlyCount "58"]
[EventDate "2006.10.08"]
[EventType "team"]
[EventRounds "7"]
[EventCountry "AUT"]
[Source "lmi"]
[SourceDate "2006.10.08"]

1. e4 c5 2. Nf3 Nc6 3. Bb5 e6 4. O-O Nge7 5. b3 Ng6 6. Bb2 f6 7. Re1 Be7 8. c3
a6 9. Bf1 O-O 10. d4 Qc7 11. Nbd2 b5 12. d5 Nce5 13. a4 Rb8 14. axb5 axb5 15.
c4 exd5 16. exd5 bxc4 17. Nxe5 fxe5 18. d6 Qxd6 19. Bxc4+ Kh8 20. Ne4 Qc7 21.
Qh5 d6 22. Ng5 Bxg5 23. Qxg5 Bb7 24. Rad1 Rf6 25. g3 Rbf8 26. Rd2 Qc6 27. Bd5
Qc8 28. Bxb7 Qxb7 29. Re3 Qf7 0-1

[Event "European Club Cup 2006"]
[Site "Fuegen AUT"]
[Date "2006.10.09"]
[Round "2.30"]
[White "Fercec, Nenad"]
[Black "Kasimdzhanov, Rustam"]
[Result "1/2-1/2"]
[WhiteElo "2504"]
[BlackElo "2672"]
[PlyCount "58"]
[EventDate "2006.10.08"]
[EventType "team"]
[EventRounds "7"]
[EventCountry "AUT"]
[Source "lmi"]
[SourceDate "2006.10.08"]

1. e4 e5 2. Nf3 Nc6 3. d4 exd4 4. Nxd4 Bb4+ 5. c3 Bc5 6. Be3 Bb6 7. Nf5 Bxe3 8.
Nxe3 d6 9. c4 Nge7 10. Bd3 O-O 11. O-O Nb4 12. Nc3 Nxd3 13. Qxd3 f5 14. f4 Kh8
15. Rae1 fxe4 16. Nxe4 Nf5 17. Ng3 Nxg3 18. hxg3 Bd7 19. g4 Qh4 20. f5 Rae8 21.
Re2 Bc6 22. Rf4 Re5 23. Nd5 Qg5 24. Rfe4 Bxd5 25. cxd5 h5 26. Rxe5 dxe5 27. Qh3
Qxg4 28. Qxg4 hxg4 29. Rxe5 g3 1/2-1/2

[Event "European Club Cup 2006"]
[Site "Fuegen AUT"]
[Date "2006.10.09"]
[Round "2.31"]
[White "Timofeev, Artyom"]
[Black "Golubovic, Boris"]
[Result "1/2-1/2"]
[WhiteElo "2662"]
[BlackElo "2442"]
[PlyCount "85"]
[EventDate "2006.10.08"]
[EventType "team"]
[EventRounds "7"]
[EventCountry "AUT"]
[Source "lmi"]
[SourceDate "2006.10.08"]

1. e4 c6 2. d4 d5 3. exd5 cxd5 4. c4 Nf6 5. Nc3 e6 6. Nf3 Bb4 7. Bd3 dxc4 8.
Bxc4 Qc7 9. Qd3 O-O 10. O-O Bxc3 11. bxc3 b6 12. Bg5 Nbd7 13. Rfe1 Bb7 14. Bb3
b5 15. Rac1 Qc6 16. a4 a6 17. axb5 axb5 18. Bxf6 Nxf6 19. Re5 Ra3 20. Rc5 Qd6
21. Nd2 Nd7 22. Rg5 Rc8 23. Qe3 Nf6 24. Rxb5 Qc6 25. Rg5 Qb6 26. Rb1 Qa7 27.
Rc5 Rxc5 28. dxc5 h6 29. h3 Ra5 30. Bc2 Bc6 31. Nb3 Ra2 32. Qd3 g6 33. Re1 Qb7
34. f3 Qc7 35. Nd4 Bd5 36. c4 Bb7 37. Nxe6 fxe6 38. Qxg6+ Qg7 39. Rxe6 Qxg6 40.
Bxg6 Kg7 41. Bf5 Ba6 42. c6 Ra5 43. c7 1/2-1/2

[Event "European Club Cup 2006"]
[Site "Fuegen AUT"]
[Date "2006.10.09"]
[Round "2.32"]
[White "Bogut, Zeljko"]
[Black "Filippov, Valerij"]
[Result "1/2-1/2"]
[WhiteElo "2444"]
[BlackElo "2562"]
[PlyCount "120"]
[EventDate "2006.10.08"]
[EventType "team"]
[EventRounds "7"]
[EventCountry "AUT"]
[Source "lmi"]
[SourceDate "2006.10.08"]

1. e4 c5 2. Nf3 Nc6 3. d4 cxd4 4. Nxd4 Nf6 5. Nc3 e5 6. Ndb5 d6 7. Bg5 a6 8.
Na3 b5 9. Nd5 Be7 10. Bxf6 Bxf6 11. c4 b4 12. Nc2 a5 13. g3 O-O 14. Bg2 Bg5 15.
O-O Be6 16. f4 Bf6 17. Nxf6+ Qxf6 18. b3 Qd8 19. Qd2 f6 20. Kh1 Qc7 21. Rae1
Rad8 22. Re3 Rd7 23. f5 Bf7 24. Rd3 g5 25. fxg6 Bxg6 26. Ne3 Nd4 27. Nd5 Qd8
28. Rxd4 exd4 29. Qxd4 Rdf7 30. g4 h6 31. Nf4 Kh7 32. Ne6 Qe7 33. Nxf8+ Rxf8
34. Rd1 Re8 35. Qxd6 Bxe4 36. Qxe7+ Rxe7 37. Rd2 Kg6 38. Kg1 Bxg2 39. Kxg2 Re3
40. Kf2 Rc3 41. h4 a4 42. bxa4 Rxc4 43. Kf3 Rc3+ 44. Kf4 Rc4+ 45. Kf3 Rc3+ 46.
Ke4 Ra3 47. Kd5 Rxa4 48. Kc5 h5 49. gxh5+ Kxh5 50. Rh2 f5 51. Kb5 Ra8 52. Kxb4
f4 53. a4 f3 54. a5 Kg4 55. Kb5 Kg3 56. Rh1 f2 57. a6 Kg2 58. Ra1 f1=Q+ 59.
Rxf1 Kxf1 60. h5 Rh8 1/2-1/2

[Event "European Club Cup 2006"]
[Site "Fuegen AUT"]
[Date "2006.10.09"]
[Round "2.33"]
[White "Kharlov, Andrei"]
[Black "Zivkovic, Vjekoslav"]
[Result "1-0"]
[WhiteElo "2557"]
[BlackElo "2412"]
[PlyCount "64"]
[EventDate "2006.10.08"]
[EventType "team"]
[EventRounds "7"]
[EventCountry "AUT"]
[Source "lmi"]
[SourceDate "2006.10.08"]

1. e4 c5 2. Nf3 d6 3. d4 cxd4 4. Nxd4 Nf6 5. Nc3 a6 6. Be3 e5 7. Nf3 Be7 8. Bc4
O-O 9. O-O Be6 10. Qe2 b5 11. Bb3 h6 12. Rfd1 Nbd7 13. Nd2 Qc7 14. Nf1 Rfc8 15.
Ng3 Nb6 16. Bxb6 Qxb6 17. Nf5 Bxf5 18. exf5 b4 19. Nd5 Nxd5 20. Bxd5 Ra7 21.
Rd3 Qc5 22. c4 Bf6 23. Re1 a5 24. Qh5 Qc7 25. h4 Qe7 26. Rh3 Kh7 27. b3 Rc5 28.
Be4 Qe8 29. g4 g6 30. fxg6+ fxg6 31. g5 Bg7 32. Rg3 Rc8 1-0

[Event "European Club Cup 2006"]
[Site "Fuegen AUT"]
[Date "2006.10.09"]
[Round "2.37"]
[White "Williams, Simon"]
[Black "Pelletier, Yannick"]
[Result "1/2-1/2"]
[WhiteElo "2473"]
[BlackElo "2588"]
[PlyCount "49"]
[EventDate "2006.10.08"]
[EventType "team"]
[EventRounds "7"]
[EventCountry "AUT"]
[Source "lmi"]
[SourceDate "2006.10.08"]

1. d4 d5 2. c4 c6 3. Nc3 Nf6 4. Nf3 dxc4 5. a4 Bf5 6. Ne5 e6 7. f3 c5 8. e4 Bg6
9. Bxc4 cxd4 10. Bb5+ Nfd7 11. Qxd4 a6 12. Bxd7+ Nxd7 13. Nxd7 Qxd7 14. Qxd7+
Kxd7 15. a5 Bd6 16. Na4 Ke7 17. Nb6 Rad8 18. Be3 f6 19. Rc1 Be8 20. Nc8+ Kf7
21. Nxd6+ Rxd6 22. Rc7+ Rd7 23. Rc8 Rd1+ 24. Kxd1 Ba4+ 25. Ke2 1/2-1/2

[Event "European Club Cup 2006"]
[Site "Fuegen AUT"]
[Date "2006.10.09"]
[Round "2.38"]
[White "Tregubov, Pavel V"]
[Black "Greet, Andrew"]
[Result "1-0"]
[WhiteElo "2596"]
[BlackElo "2439"]
[PlyCount "43"]
[EventDate "2006.10.08"]
[EventType "team"]
[EventRounds "7"]
[EventCountry "AUT"]
[Source "lmi"]
[SourceDate "2006.10.08"]

1. d4 Nf6 2. c4 e6 3. Nf3 b6 4. g3 Ba6 5. Qc2 c5 6. d5 exd5 7. cxd5 Bb7 8. Bg2
Bxd5 9. Nc3 Bc6 10. e4 d6 11. Bf4 Nh5 12. O-O-O Nxf4 13. gxf4 Be7 14. e5 O-O
15. h4 Qc7 16. Ng5 g6 17. Bd5 dxe5 18. Nxh7 Kxh7 19. h5 Kg7 20. hxg6 fxg6 21.
Rdg1 Qd6 22. fxe5 1-0

[Event "European Club Cup 2006"]
[Site "Fuegen AUT"]
[Date "2006.10.09"]
[Round "2.39"]
[White "Houska, Jovanka"]
[Black "David, Alberto"]
[Result "1/2-1/2"]
[WhiteElo "2364"]
[BlackElo "2534"]
[PlyCount "36"]
[EventDate "2006.10.08"]
[EventType "team"]
[EventRounds "7"]
[EventCountry "AUT"]
[Source "lmi"]
[SourceDate "2006.10.08"]

1. e4 c5 2. Nf3 e6 3. d4 cxd4 4. Nxd4 Nf6 5. Nc3 d6 6. Be2 Be7 7. O-O O-O 8. f4
Nc6 9. Be3 a6 10. a4 Qc7 11. Kh1 Re8 12. Bd3 Bd7 13. Qf3 Nb4 14. a5 Rac8 15.
Qg3 Nh5 16. Qf3 Nf6 17. Qg3 Nh5 18. Qf3 Nf6 1/2-1/2

[Event "European Club Cup 2006"]
[Site "Fuegen AUT"]
[Date "2006.10.09"]
[Round "2.40"]
[White "Apicella, Manuel"]
[Black "Lindner, Daniel"]
[Result "1-0"]
[WhiteElo "2538"]
[BlackElo "2271"]
[PlyCount "107"]
[EventDate "2006.10.08"]
[EventType "team"]
[EventRounds "7"]
[EventCountry "AUT"]
[Source "lmi"]
[SourceDate "2006.10.08"]

1. e4 e5 2. Nf3 Nc6 3. Bb5 f5 4. d3 fxe4 5. dxe4 Nf6 6. O-O d6 7. Nc3 Be7 8.
Qd3 Bg4 9. Qc4 Bxf3 10. Bxc6+ bxc6 11. Qxc6+ Qd7 12. Qxd7+ Kxd7 13. gxf3 Nh5
14. Rd1 Rab8 15. Ne2 Rhf8 16. Rd3 Rb7 17. Kg2 Ke6 18. Rb3 Rb6 19. Be3 c5 20.
Rxb6 axb6 21. Nc3 Ra8 22. a4 Nf6 23. Rd1 Ne8 24. b3 Nc7 25. f4 Bf6 26. f5+ Kd7
27. Kf3 Kc6 28. Ke2 Rd8 29. Nd5 Nxd5 30. exd5+ Kd7 31. f3 Rb8 32. c4 Ra8 33.
Kd3 Ke7 34. Ke4 Kf7 35. Bd2 g6 36. Rg1 Rg8 37. Rg3 g5 38. Rg1 h6 39. Be1 Rg7
40. Bf2 Ke8 41. b4 Rc7 42. Rb1 Kd7 43. bxc5 bxc5 44. a5 Ra7 45. Be1 Bd8 46. Bd2
Ke7 47. Rb8 Bxa5 48. Bxa5 Rxa5 49. Rb7+ Kf6 50. Rh7 Ra4 51. Rxh6+ Ke7 52. f6+
Kf7 53. Kf5 Rxc4 54. Rh7+ 1-0

[Event "European Club Cup 2006"]
[Site "Fuegen AUT"]
[Date "2006.10.09"]
[Round "2.41"]
[White "Asrian, Karen"]
[Black "Naumann, Alexander"]
[Result "1/2-1/2"]
[WhiteElo "2634"]
[BlackElo "2542"]
[PlyCount "45"]
[EventDate "2006.10.08"]
[EventType "team"]
[EventRounds "7"]
[EventCountry "AUT"]
[Source "lmi"]
[SourceDate "2006.10.08"]

1. e4 c5 2. Ne2 d6 3. g3 Nf6 4. Bg2 Nc6 5. c3 e5 6. d4 cxd4 7. cxd4 exd4 8.
Nxd4 Bg4 9. Nxc6 bxc6 10. Qa4 Bd7 11. O-O Be7 12. Nc3 O-O 13. Rd1 Qb6 14. Qc2
Bg4 15. Re1 Rac8 16. Be3 Qa5 17. h3 Be6 18. Qd2 Qb4 19. Qd4 a5 20. Ne2 c5 21.
Qd2 Rb8 22. b3 a4 23. Qxb4 1/2-1/2

[Event "European Club Cup 2006"]
[Site "Fuegen AUT"]
[Date "2006.10.09"]
[Round "2.43"]
[White "Vaganian, Rafael A"]
[Black "Hoffmann, Michael"]
[Result "1-0"]
[WhiteElo "2587"]
[BlackElo "2477"]
[PlyCount "35"]
[EventDate "2006.10.08"]
[EventType "team"]
[EventRounds "7"]
[EventCountry "AUT"]
[Source "lmi"]
[SourceDate "2006.10.08"]

1. Nf3 Nf6 2. d4 e6 3. e3 c5 4. Bd3 b6 5. O-O Bb7 6. c4 g6 7. d5 exd5 8. cxd5
Bg7 9. e4 O-O 10. Nc3 d6 11. h3 Na6 12. Re1 Nc7 13. Bf4 Re8 14. a4 Ba6 15. Bxa6
Nxa6 16. Nd2 Nc7 17. Nc4 Bf8 18. Qf3 1-0